00461nam a2200181Ia 4500008004100000020001800041050001400059100001900073245003400092245005500126260001500181260001600196260000900212300001400221300002700235300001000262500000700272170918s9999 xx 000 0 und d a9780545652742 bP318 2012 aPearson, Susan aWe're going on a ghost hunt / cby Susan Pearson ; illustrated by S. D. Schindler. aNew York : bScholastic, c2012 aunpaged : bcolored illustration ; c21cm. aBR